000 00576nam a2200205Ia 4500
005 20250923150101.0
008 008 250917s9999 xx 000 0 eng d
037 _aTextual
040 _aDSWL
_beng
_cDSWL
041 _aeng
_2eng
084 _aYX,ZF, PO1
_qDSWL
100 _aGangrade, K D
_9842050
245 0 _aWorking with community at the grassroot level
_c by K D Gangrade
260 _aNew Delhi
_b Radha Publications
_c2001
300 _a444p.
365 _aINR
_b650
925 _g650
942 _cTEXL
_hYX,ZF, PO1
999 _c1459374
_d1459374